00339nam a2200133Ia 45000010005000000080041000050200022000460820023000681000026000912450022001172600023001399010028001629990015001903909241024s9999 xx 000 0 und d a978-9945-465-37-2 aRD/863.97293/M385c aJ. Adalberto Martinez 0aLa Cotorra Marola bEdiciones CPc2013 a29/1/2015 10:51:06 a.m. c7765d7765